000 00844nam a2200229Ii 4500
003 JO-AjNU
008 230605s9999||||xx |||||||||||||| ||und||
017 _a21474
020 _a978-977-308-387-8
040 _aJO-AjNU
_bara
_erda
_cJO-AjNU
041 _aara
050 1 4 _aLB2805.2015
100 3 _aمحمد، فتحي عبدالرسول,
_eauthor
_961894
245 0 0 _aالادارة التربوية في بعض المؤسسات التعليمية
250 _aالطبعة الاولى
264 3 1 _aدسوق: دار العلم والايمان للنشر والتوزيع، 2015
300 _a299ص
_b ويحتوي على قائمة مراجع من ص281-ص299
336 _atext
_btxt
_2rdacontent
337 _aunmediated
_bn
_2rdamedia
338 _avolume
_bnc
_2rdacarrier
650 4 _aالادارة التربوية
_961895
999 _aA28000
_c31568
_d31568